| 000 | 00523nam a2200157 4500 | ||
|---|---|---|---|
| 008 | 020307s1979 ph eng | ||
| 090 |
_aDS668 _bM53g |
||
| 100 | 1 | _aMercado, Monina A. | |
| 245 | 1 | 0 |
_aGreat Filipino battles / _cMonina A. Mercado. |
| 260 |
_aParaƱaque : _bPHILACOR, _cc1979. |
||
| 300 |
_a77 p. : _bill. |
||
| 490 | 1 | _aPHILACOR Young People's library | |
| 651 | 4 |
_aBattles _zPhilippines. |
|
| 651 | 4 |
_aPhilippines _xHistory _y1521-1942. |
|
| 951 |
_p9987 _x00007625 _oDS668/M53g _j070613111052828 _d2000-12-21 _cOS-FIL |
||
| 999 |
_c8006 _d8006 |
||